000 00549nam a2200193Ia 4500
003 OSt
005 20260406120005.0
008 210210b1996 xxu||||| |||| 00| 0 eng d
040 _cAL
041 _aHindi
082 _aH891.108 SIMT
100 _aSIMH (Dudhnath),Ed.
_dसिंह (दुधनाथ)
_9260274
245 _aTeen lambi kavitayen.
_bतीन लम्बी कवितायेँ
260 _aIlahabad
_bLokbharati Prakashan
_c1996
300 _a67
690 _aHindi Poetry
_9260275
906 _a051167
942 _2ddc
_cBK
999 _c99599
_d99599